मानवता के आदर्श श्रीराम/ (Record no. 199364)

MARC details
000 -LEADER
fixed length control field 00791nam a22001817a 4500
005 - DATE AND TIME OF LATEST TRANSACTION
control field 20231201115604.0
010 ## - LCCN (DPL NO)
LC control number HIN- 126334
020 ## - INTERNATIONAL STANDARD BOOK NUMBER
International Standard Book Number 9788186261934
Terms of availability 495.00
035 ## - SYSTEM CONTROL NUMBER
System control number HN-98680
037 ## - SOURCE OF ACQUISITION
Source of stock number/acquisition DBAD/PUB
082 ## - DEWEY DECIMAL CLASSIFICATION NUMBER
Classification number 230.1
Item number 1
100 ## - MAIN ENTRY--PERSONAL NAME
Personal name शर्मा,राधेश्याम;अमर'
245 ## - TITLE STATEMENT
Title मानवता के आदर्श श्रीराम/
Statement of responsibility, etc राधेश्याम शर्मा'अमर'
260 ## - PUBLICATION, DISTRIBUTION, ETC. (IMPRINT)
Place of publication, distribution, etc नई दिल्ली
Name of publisher, distributor, etc एस के पब्लिशर्स
Date of publication, distribution, etc 2020
270 ## - ADDRESS
Address ए-47 अमर कॉलोनी लाजपत नगर
City नई दिल्ली
Postal code 110024
300 ## - PHYSICAL DESCRIPTION
Extent 168 पृष्ठ;
Dimensions 23cm (सजिल्द)
942 ## - ADDED ENTRY ELEMENTS (KOHA)
Item type Hindi Books
Classification part 230.1
Source of classification or shelving scheme Dewey Decimal Classification
Call number suffix शर्मारा
Holdings
Withdrawn status Lost status Not for loan Collection code Home library Current library Date acquired Source of acquisition Cost, normal purchase price Full call number Barcode Copy number Cost, replacement price Koha item type
      Non-fiction Vinoba Puri Vinoba Puri 30/11/2023 DBAD/PUB 495.00 230.1 शर्मारा HN-98680 1 495.00 Hindi Books

© Delhi Public Library
Hit Counter
free hit counter